Statistics for Municipalities of Yamanashi Prefecture

Click here to take the quiz!

General Stats

  • This quiz has been taken 68 times
  • The average score is 18 of 27

Answers on the Map

Answers color-coded by a green-red scale on the quiz's map according to % correct below.
 

Answer Stats

Answer% Correct
Kofu 甲府
95%
Minami-alps 南アルプス
85%
Yamanashi 山梨
85%
Kai 甲斐
80%
Otsuki 大月
80%
Fujikawa 富士川
75%
Fujiyoshida 富士吉田
75%
Koshu 甲州
75%
Minobu 身延
75%
Nanbu 南部
75%
Chuo 中央
70%
Fuefuki 笛吹
70%
Yamanakako 山中湖
70%
Fujikawaguchiko 富士河口湖
65%
Nirasaki 韮崎
65%
Tsuru 都留
65%
Uenohara 上野原
65%
Hayakawa 早川
60%
Hokuto 北杜
60%
Ichikawamisato 市川三郷
60%
Oshino 忍野
60%
Doshi 道志
55%
Showa 昭和
55%
Kosuge 小菅
50%
Narusawa 鳴沢
50%
Tabayama 丹波山
50%
Nishikatsura 西桂
45%

Score Distribution

Percentile by Number Answered

Percent of People with Each Score

Your Score History

You have not taken this quiz